000 00873nam a2200193 4500
001 143
005 20181127160552.0
090 0 0 _a346.07 R8884c
100 0 0 _aRoyal Government of Bhutan
245 0 0 _aThe commercial Sale of Goods Act of the Kingdom of Bhutan, 2000 & The Negotiable Instruments Act of the Kingdom of Bhutan, 2000.
_b
_c
_h
260 0 0 _aPhuentsholing :
_bKMT Printing Press,
_c[n.d.]
300 0 0 _a78 p.
500 _aElectronic copy available on RTC Cloud in "Library" folder
500 0 0 _a"Compiled for Bachelor of Commerce (B.Com.)"
650 0 0 _aCommercial law -- Bhutan.
_x
650 0 0 _aNegotiable instruments -- Bhutan.
_x
650 0 0 _aSales -- Bhutan.
_x
856 _a
_uhttp://oag.gov.bt/wp-content/uploads/2010/05/Negotiable-Instruments-Act-of-Kingdom-of-Bhutan-2000English-version.pdf
_yThe Negotiable Instruments Act of the Kingdom of Bhutan, 2000
_z
_3
999 _c128
_d128